000 00446nam a22001457a 4500
005 20240809161411.0
008 240809b |||||||| |||| 00| 0 eng d
041 _aeng
082 _bSHE
100 _aShendkar Shivani- 2k221129 & Dr. Kamlakar Munde - Guide
_9208193
245 _aImplementation of Active Communication strategies to improve Customer Acquisition at IKSC
260 _aPune
_bSPPU
_cMarch-2024
300 _a61p
942 _cPR
999 _c359430
_d359430